Risk management and food safety (Record no. 8563)
[ view plain ]
| 000 -LEADER | |
|---|---|
| fixed length control field | 00211nam a22001097a 4500 |
| 040 ## - CATALOGING SOURCE | |
| Transcribing agency | SP |
| 082 ## - DEWEY DECIMAL CLASSIFICATION NUMBER | |
| Classification number | 363 |
| 100 ## - MAIN ENTRY--AUTHOR NAME | |
| Personal name | FAO |
| 245 ## - TITLE STATEMENT | |
| Title | Risk management and food safety |
| 260 ## - PUBLICATION, DISTRIBUTION, ETC. (IMPRINT) | |
| Place of publication | Rome |
| Name of publisher | FAO |
| Year of publication | 1997 |
| 942 ## - ADDED ENTRY ELEMENTS (KOHA) | |
| Koha item type | សៀវភៅភាសាអង់គ្លេស |
| 952 ## - LOCATION AND ITEM INFORMATION (KOHA) | |
| Withdrawn status [LOCAL, KOHA] | 0 |
| Koha item type | Barcode | Lost status | Permanent Location | Current Location | Date acquired | Full call number |
|---|---|---|---|---|---|---|
| សៀវភៅភាសាអង់គ្លេស | RUA046033 | Library Block C | Library Block C | 2016-08-05 | 363 FAO 1997 |